000 00271nam a2200109Ia 4500
005 20251222154315.0
008 251222s9999||||xx |||||||||||||| ||spa||
082 _a868.9/C15
100 _a"Cadalso y Vázquez de Andrade, José"
245 0 _aCartas marruecas
942 _cLIB
999 _c33540
_d33540